000 00851nam a2200253Ia 4500
003 OSt
005 20220923211213.0
006 a|||||r|||| 00| 0
007 ta
008 Pun
020 _a9788126047406 (pbk)
_c100
024 _a290,241
037 _b1028, 18/03/2016, H.K. Prakashan
_cTextual
040 _aARTS
_cARTS
_bPun
041 _2Pun
_aPun
082 _aO153.1NNO:g, Q5
100 _aਸਿੰਘ, ਰਵੇਲ, ਥਦ.
_9159598
245 0 _aਯੁੱਗ ਚਿੰਤਕ
_b ਸੁਤਿੰਦਰ ਸਿੰਘ ਨੂਰ
260 _aਦਿੱਲੀ
_b ਸਾਹਿਤ ਅਕਾਦੇਮੀ
_c2015
300 _a104ਪੰ
_ccm.
650 _aਪੰਜਾਬੀ ਸਾਹਿਤ
942 _hO153.1NNO:g, Q5
_cTEXL
_2CC
999 _c296798
_d296798